Eruption de l'Etna en 1879 (Record no. 153678)

MARC details
000 -LEADER
campo de control de longitud fija 00664nam a22001695i 4500
001 - NÚMERO DE CONTROL
campo de control 153678
003 - IDENTIFICADOR DE NÚMERO DE CONTROL
campo de control ES-MaACL
005 - FECHA Y HORA DE LA ÚLTIMA TRANSACCIÓN
campo de control 20230906205334.0
008 - DATOS DE LONGITUD FIJA--INFORMACIÓN GENERAL
campo de control de longitud fija 051017s1879 be | |||||||| ||fre d
040 ## - FUENTE DE CATALOGACIÓN
Centro catalogador/agencia de origen CAM
Lengua de catalogación spa
Centro/agencia transcriptor CAM
245 00 - MENCIÓN DEL TÍTULO
Título Eruption de l'Etna en 1879
Resto del título : rapport des ingénieurs du Corps Royal des Mines d'Italie : extrait du journal La Meuse.
260 ## - PUBLICACIÓN, DISTRIBUCIÓN, ETC.
Lugar de publicación, distribución, etc. Liége :
Nombre del editor, distribuidor, etc. Léon de Thier,
Fecha de publicación, distribución, etc. 1879.
300 ## - DESCRIPCIÓN FÍSICA
Extensión 19 p. ;
Dimensiones 22 cm.
500 ## - NOTA GENERAL
Nota general Extrait du journal La Meuse (1e y 2e article)
651 ## - PUNTO DE ACCESO ADICIONAL DE MATERIA--NOMBRE GEOGRÁFICO
Nombre geográfico Etna (Italia, Volcán)
9 (RLIN) 156380
852 ## - LOCALIZACIÓN
Ubicación ES-MaACL
Número de control de estantería B-7690(7-8)
Nota libre -- Enc. tela
-- -- Al final del texto consta: V. Bouhy
-- -- Enc. en un vol. facticio
Holdings
Estatus retirado Estado de pérdida Estado de daño No para préstamo Colección Biblioteca de origen Biblioteca actual Ubicación en estantería Fecha de adquisición Total de préstamos Signatura topográfica completa Código de barras Visto por última vez Precio de reemplazo Tipo de ítem Koha
        Libros del s. XIX Biblioteca del Ateneo de Madrid Biblioteca del Ateneo de Madrid Sala Pardo Bazán 17/01/2008   B-7690(7-8) 1160659 23/02/2023 23/02/2023 Libro impreso antiguo